100 самых частых слов русского языка - Statistics

General Stats
  • This quiz has been taken 1 020 times
  • The average score is 27 of 100
Answer Stats
Номер Слово % Correct
2 в
94%
15 к
91%
31 о
90%
10 а
88%
8 с
82%
1 и
81%
11 по
78%
5 я
73%
21 у
72%
4 на
68%
63 при
68%
3 не
67%
7 он
64%
33 ты
62%
13 она
60%
18 мы
58%
24 за
58%
17 они
56%
9 что (союз)
54%
26 что (местоимение)
54%
38 вы
54%
16 но
53%
19 как (союз)
49%
49 как (наречие)
49%
23 то (местоимение)
46%
51 до
45%
81 под
44%
76 во
43%
79 где
42%
29 от
35%
67 кто
35%
20 из
34%
55 когда
32%
46 бы
30%
77 со
29%
44 или
27%
12 это
26%
30 так
24%
83 ну
24%
80 там
23%
93 ли
23%
86 их
22%
34 же
20%
41 его
19%
70 два
18%
35 все
17%
60 мой
17%
71 день
17%
48 один
16%
72 её
16%
90 потом
16%
6 быть
15%
53 если
15%
57 вот
15%
85 после
15%
32 для
13%
36 тот
13%
59 наш
13%
14 этот
12%
54 сам
11%
78 раз
11%
84 какой
11%
95 идти
11%
28 год
10%
64 чтобы
10%
88 без
10%
22 который
9%
39 человек
9%
87 работа
9%
52 время
8%
66 жизнь
8%
94 слово
8%
58 говорить
7%
43 только
6%
45 ещё
6%
61 знать
6%
75 даже
6%
91 надо
6%
92 хотеть
6%
25 свой
5%
40 такой
5%
47 себя
5%
50 уже
5%
68 первый
5%
74 рука
5%
82 можно
5%
42 сказать
4%
65 дело
4%
69 очень
4%
89 самый
4%
98 место
4%
27 весь
3%
37 мочь
3%
96 большой
3%
62 стать
2%
73 новый
2%
99 иметь
2%
100 ничто
2%
56 другой
1%
97 должен
1%
No matching quizzes found
Score Distribution
Percent of People with Each Score
Percentile by Number Answered
Your Score History
You have not taken this quiz